000 00307nam a2200133Ia 4500
008 191201s2006 xx 000 0 und d
100 _aSCHILDT,Herbert
245 0 _aComplete Reference C#2.0
250 _aRep
260 _aN. Delhi
_bTMH
_c2006
300 _a890
650 _aB.Tech(CSE)
942 _2ddc
_cBK
999 _c5578
_d5578